Arts del llibre : exposició de llibres i gravats : curs 2002/03 exposició de llibres i gravats :
Descripción Física:
1 f. plegat en 4 parts : il. col., fot. ; 17 x 36 cm plegat a 17 x 7 cm
MARC
| LEADER | 00000nam a2200000Ia 4500 | ||
|---|---|---|---|
| 001 | 24339 | ||
| 003 | BGR | ||
| 005 | 20260324180604.0 | ||
| 008 | 160829s9999 xx 000 0 cat d | ||
| 080 | |a FU-64-154 | ||
| 245 | |a Arts del llibre : |b exposició de llibres i gravats : |b curs 2002/03 | ||
| 260 | |a Barcelona : |b Diputació de Barcelona. Àrea d'Educació. Escola d'Arts i Oficis, [2002] | ||
| 300 | |a 1 f. plegat en 4 parts : |b il. col., fot. ; |c 17 x 36 cm plegat a 17 x 7 cm | ||
| 590 | |a Fulletó informatiu de la exposició, titulada: "Arts del llibre" (del 31 de març al 2 de maig) a l'Escola d'Arts i Oficis | ||
| 610 | 2 | 0 | |a Escola d'Arts i Oficis (Barcelona, Catalunya) |v Exposicions |9 55876 |
| 710 | 2 | |a Escola d'Arts i Oficis (Barcelona, Catalunya) |9 55874 | |
| 901 | |a Arxiu | ||
| 942 | |n 1 |2 udc |c MON | ||
| 952 | |0 0 |1 0 |4 0 |6 FU64154 |7 1 |9 55317 |a Arxiu |b Arxiu |d 2016-12-01 |l 0 |o FU-64-154 |p 24339 |r 2016-12-01 00:00:00 |w 2016-12-01 |y ARXIU | ||
| 999 | |c 59190 |d 59190 | ||